ARRUPE JESUIT UNIVERSITY

CORONAVIRUS -STOP THE SPREAD - CLEAN,DISINFECT,COVER

A people betrayed (Record no. 7742)

MARC details
000 -LEADER
fixed length control field 00536nam a2200229Ia 4500
003 - CONTROL NUMBER IDENTIFIER
control field 0100
005 - DATE AND TIME OF LATEST TRANSACTION
control field 20170428111916.0
008 - FIXED-LENGTH DATA ELEMENTS--GENERAL INFORMATION
fixed length control field 130303s9999 xx 000 0 und d
020 ## - INTERNATIONAL STANDARD BOOK NUMBER
International Standard Book Number 1856498301
040 ## - CATALOGING SOURCE
Transcribing agency ARRUPELIB
050 ## - LIBRARY OF CONGRESS CALL NUMBER
Classification number DT450.435.M426 2000
300 ## - PHYSICAL DESCRIPTION
Other physical details 272p. 24cm.
100 ## - MAIN ENTRY--PERSONAL NAME
Personal name Melvern, Linda
9 (RLIN) 30150
245 #2 - TITLE STATEMENT
Title A people betrayed
245 ## - TITLE STATEMENT
Remainder of title the role of the West in Rwanda's genocide
260 ## - PUBLICATION, DISTRIBUTION, ETC. (IMPRINT)
Name of publisher, distributor, etc Zed Books
Place of publication, distribution, etc London
Date of publication, distribution, etc 2000
300 ## - PHYSICAL DESCRIPTION
Extent x
650 ## - SUBJECT ADDED ENTRY--TOPICAL TERM
Topical term following geographic name as entry element Rwanda
General subdivision Foreign relations
9 (RLIN) 30153
700 ## - ADDED ENTRY--PERSONAL NAME
Personal name Linda Melvern
9 (RLIN) 30154
942 00 - ADDED ENTRY ELEMENTS (KOHA)
Koha issues (borrowed), all copies 4
Source of classification or shelving scheme Library of Congress Classification
Koha item type Monograph ( Printed materials)
Holdings
Withdrawn status Lost status Source of classification or shelving scheme Damaged status Not for loan Collection code Home library Current library Shelving location Date acquired Total Checkouts Full call number Barcode Date last seen Date checked out Copy number Price effective from Koha item type
    Library of Congress Classification     Main Collection ARRUPE LIBRARY ARRUPE LIBRARY   04/03/2013 8 DT450.435.M426 2000 46003028791 31/10/2019 09/10/2019 1 04/03/2013 Monograph ( Printed materials)

 

Arrupe Library. PO Box MP320 Mt Pleasant, Harare, Zimbabwe
263 242 745411|librarian@aju.ac.zw